The Gospel of our king : (Record no. 9963)

MARC details
000 -LEADER
fixed length control field 01654cam a22003498i 4500
001 - CONTROL NUMBER
control field 20605241
003 - CONTROL NUMBER IDENTIFIER
control field GBCCL
005 - DATE AND TIME OF LATEST TRANSACTION
control field 20241126110722.0
008 - FIXED-LENGTH DATA ELEMENTS--GENERAL INFORMATION
fixed length control field 180730s2019 miu b 001 0 eng
010 ## -
-- 2018036389
020 ## - INTERNATIONAL STANDARD BOOK NUMBER
International Standard Book Number 9780801049033 (pbk. : alk. paper)
040 ## - CATALOGING SOURCE
Original cataloging agency DLC
Language of cataloging eng
Description conventions rda
Transcribing agency DLC
042 ## -
-- pcc
050 00 -
-- BS543
-- .A84 2019
082 00 - DEWEY DECIMAL CLASSIFICATION NUMBER
Classification number 230
Edition information 23
Item number ASH
100 1# - MAIN ENTRY--PERSONAL NAME
Personal name Ashford, Bruce Riley,
Relator term author.
9 (RLIN) 17325
245 14 - TITLE STATEMENT
Title The Gospel of our king :
Remainder of title Bible, worldview, and the mission of every Christian /
Statement of responsibility, etc. Bruce Riley Ashford and Heath A. Thomas.
263 ## - PROJECTED PUBLICATION DATE
Projected publication date 1904
264 #1 - PRODUCTION, PUBLICATION, DISTRIBUTION, MANUFACTURE, AND COPYRIGHT NOTICE
Place of production, publication, distribution, manufacture Grand Rapids :
Name of producer, publisher, distributor, manufacturer Baker Publishing Group,
Date of production, publication, distribution, manufacture, or copyright notice 2019.
300 ## - PHYSICAL DESCRIPTION
Extent pages cm
336 ## - CONTENT TYPE
Content type term text
Content type code txt
Source rdacontent
337 ## - MEDIA TYPE
Media type term unmediated
Media type code n
Source rdamedia
338 ## - CARRIER TYPE
Carrier type term volume
Carrier type code nc
Source rdacarrier
504 ## - BIBLIOGRAPHY, ETC. NOTE
Bibliography, etc. note Includes bibliographical references and index.
505 0# - FORMATTED CONTENTS NOTE
Formatted contents note Creation: God the king and his good creation -- Fall: human sin and its aftermath -- Redemption: covenant and kingdom -- Redemption: new covenant and consummated kingdom -- Interlude: worldview, Gospel, and mission -- A theological mission: radical monotheism for a secular age -- A social mission: relational monotheism for an individualistic age -- A cultural mission: restorational monotheism for a decadent age -- An international mission: realized monotheism for a global age.
630 00 - SUBJECT ADDED ENTRY--UNIFORM TITLE
Uniform title Bible
General subdivision Theology.
9 (RLIN) 357
650 #0 - SUBJECT ADDED ENTRY--TOPICAL TERM
Topical term or geographic name entry element Mission of the church.
9 (RLIN) 50
700 1# - ADDED ENTRY--PERSONAL NAME
Personal name Thomas, Heath,
Relator term author.
9 (RLIN) 17326
906 ## - LOCAL DATA ELEMENT F, LDF (RLIN)
a 7
b cbc
c orignew
d 1
e ecip
f 20
g y-gencatlg
942 ## - ADDED ENTRY ELEMENTS (KOHA)
Source of classification or shelving scheme Dewey Decimal Classification
Koha item type Books
Holdings
Withdrawn status Lost status Source of classification or shelving scheme Damaged status Not for loan Home library Current Library Shelving location Date acquired Total checkouts Full call number Barcode Date last seen Copy number Price effective from Koha item type
    Dewey Decimal Classification     GRACE BIBLE COLLEGE GRACE BIBLE COLLEGE Theology 2023-10-12   230 ASH 020596 2025-05-01 c.1 2023-10-12 Books
© Grace Bible College Library 2025